Normal view
MARC view
Entry Topical Term
001 - CONTROL NUMBER
- control field: 35760
003 - CONTROL NUMBER IDENTIFIER
- control field: OSt
005 - DATE AND TIME OF LATEST TRANSACTION
- control field: 20230221152044.0
008 - FIXED-LENGTH DATA ELEMENTS
- fixed length control field: 230221|| aca||aabn | a|a d
040 ## - CATALOGING SOURCE
- Original cataloging agency: OSt
- Transcribing agency: OSt
150 ## - HEADING--TOPICAL TERM
- Topical term or geographic name entry element: World economy, Great Recession, World's GDP
670 ## - SOURCE DATA FOUND
- Source citation: Work cat.: (OSt)520994: Caliendo, L., Parro, F. and Tsyvinski A. 35759, Distortions and the structure of the world economy
